काशी की पांडित्य-परम्परा: (Record no. 122327)
[ view plain ]
| 000 -LEADER | |
|---|---|
| fixed length control field | 01775nam a22002777a 4500 |
| 005 - DATE AND TIME OF LATEST TRANSACTION | |
| control field | 20170801155742.0 |
| 010 ## - LCCN (DPL NO) | |
| LC control number | A-697612 HIN-112781 |
| 020 ## - INTERNATIONAL STANDARD BOOK NUMBER | |
| Terms of availability | 1000.00 |
| International Standard Book Number | 9789351461555 |
| 035 ## - SYSTEM CONTROL NUMBER | |
| System control number | A-697612 |
| 035 ## - SYSTEM CONTROL NUMBER | |
| System control number | HN-85127 |
| 037 ## - SOURCE OF ACQUISITION | |
| Stock number | Cen Lib / Ret |
| 037 ## - SOURCE OF ACQUISITION | |
| Source of stock number/acquisition | DBAD/PUB |
| 082 ## - DEWEY DECIMAL CLASSIFICATION NUMBER | |
| Classification number | 230.91092 |
| Item number | उपाध्या |
| 100 ## - MAIN ENTRY--PERSONAL NAME | |
| Personal name | उपाध्याय, पंडित बलदेव |
| 245 ## - TITLE STATEMENT | |
| Title | काशी की पांडित्य-परम्परा: |
| Statement of responsibility, etc | पंडित बलदेव उपाध्याय |
| Remainder of title | काशीस्थ संस्कृत विद्वानों के जीवनचरित्रएवं साहित्यिक अवदानों का प्रामणिक विवरण / |
| 246 ## - VARYING FORM OF TITLE | |
| Title proper/short title | Kasi ki paṇḍitya-parampara : Kasistha Samskrta vidvanom ke jivanacarita evam sahityika avadanom ka pramanika vivarana, 1200 I-1980 I / |
| Remainder of title | by Baldeva Upadhyaya |
| 260 ## - PUBLICATION, DISTRIBUTION, ETC. (IMPRINT) | |
| Place of publication, distribution, etc | वाराणसी |
| Name of publisher, distributor, etc | विश्वविधालय प्रकाशन |
| Date of publication, distribution, etc | 1994 |
| 260 ## - PUBLICATION, DISTRIBUTION, ETC. (IMPRINT) | |
| Date of publication, distribution, etc | 2016 |
| 270 ## - ADDRESS | |
| Address | विश्वविधालय प्रकाशन चौक |
| City | वाराणसी |
| 300 ## - PHYSICAL DESCRIPTION | |
| Extent | 1123p. |
| Other physical details | 24cm |
| 650 ## - SUBJECT ADDED ENTRY--TOPICAL TERM | |
| Topical term or geographic name as entry element | संस्कृत भाषाशास्त्र - अध्ययन और अध्यापन |
| 650 ## - SUBJECT ADDED ENTRY--TOPICAL TERM | |
| Topical term or geographic name as entry element | संस्कृत भाषाशास्त्र - अध्ययन और अध्यापन - भारत - वाराणसी (उत्तर प्रदेश) - इतिहास |
| 650 ## - SUBJECT ADDED ENTRY--TOPICAL TERM | |
| Topical term or geographic name as entry element | Sanskrit philology -- Study and teaching. |
| 650 ## - SUBJECT ADDED ENTRY--TOPICAL TERM | |
| Topical term or geographic name as entry element | Sanskrit philology -- Study and teaching -- India -- Vārānasi (Uttar Pradesh) -- History. |
| 942 ## - ADDED ENTRY ELEMENTS (KOHA) | |
| Source of classification or shelving scheme | Dewey Decimal Classification |
| Item type | Hindi Books |
| Classification part | 230.91092 |
| Call number suffix | भिक्षुस |
| Withdrawn status | Lost status | Not for loan | Collection code | Home library | Current library | Date acquired | Source of acquisition | Cost, normal purchase price | Full call number | Barcode | Copy number | Cost, replacement price | Koha item type |
|---|---|---|---|---|---|---|---|---|---|---|---|---|---|
| Not For Loan | Reference | Central Library | Central Library | 14/03/2016 | Cen Lib/Ref | 0.00 | 230.91092 उपाध्या | A-697612 | 1 | 0.00 | Hindi Books | ||
| Not For Loan | Reference | Patel Nagar | Patel Nagar | 01/08/2017 | DBAD/PUB | 1000.00 | 230.91092 भिक्षुस | HN-85127 | 1 | 1000.00 | Hindi Books |
